| 000 | 00852nam a2200277 a 4500 | ||
|---|---|---|---|
| 001 | 2113 | ||
| 003 | BD-RJUL | ||
| 005 | 20211208233502.0 | ||
| 008 | 131210s1986 enka 001 0 eng d | ||
| 020 | _a034036047X | ||
| 035 | _a(BD-RjUL)2140 | ||
| 040 |
_aBD-RjUL _beng _cBD-RjUL |
||
| 041 | _aeng | ||
| 082 |
_a330.1 _219 _bMAI 1986 |
||
| 100 | 1 |
_aMannan, Muhammad Abdul, _d1938- _96921 |
|
| 245 | 1 | 0 |
_aIslamic economics : _btheory and practice / _cMuhammad Abdul Mannan |
| 250 | _aNew and rev. ed | ||
| 260 |
_aDunton Green : _bHodder and Stoughton ; _aCambridge : _bIslamic Academy, _c1986 |
||
| 300 |
_axv, 425 p. : _bill. ; _c24 cm |
||
| 504 | _aIncludes bibliography and index | ||
| 526 | _bEconomics | ||
| 650 | 0 |
_aEconomics _xReligious aspects _xIslam _96922 |
|
| 830 | 0 |
_aIslamic concept series _96924 |
|
| 942 |
_2ddc _cBK |
||
| 999 |
_c2113 _d2113 |
||